| 000 | 00820nam a22001937a 4500 | ||
|---|---|---|---|
| 999 |
_c60343 _d60343 |
||
| 003 | Ge_BSU | ||
| 005 | 20230630123332.0 | ||
| 008 | 230630s1987 ge ||||| |||| 00| 0 geo d | ||
| 041 | _ageo | ||
| 080 | _a087.5:572.1/.4 ა-30 | ||
| 100 |
_aავალიშვილი, გია _919001 |
||
| 245 |
_aადამიანის გარიჟრაჟზე / _cგია ავალიშვილი; რედ. ნ. ქართველიშვილი. |
||
| 250 | _aპირველი გამოცემა | ||
| 264 |
_aთბილისი : _b ნაკადული, _c 1987. |
||
| 300 |
_a87 გვ. ; _b20 სმ. |
||
| 490 | _aჯადოსნური სარკე | ||
| 700 |
_aქართველიშვილი, ნ. _eრედაქტორი _97659 |
||
| 942 |
_2udc _cBK |
||